| 000 | 00612nam a2200229Ia 4500 | ||
|---|---|---|---|
| 003 | OSt | ||
| 005 | 20250708180505.0 | ||
| 008 | 210423s2011 xx 000 0 und d | ||
| 020 | _a9788184572698 | ||
| 040 | _cAL | ||
| 041 | _aEnglish | ||
| 082 |
_a070.194 _bSAXR |
||
| 100 |
_aAmbrish Saxena _996264 |
||
| 245 | _aRadio in new avatar AM to FM | ||
| 260 |
_aNew Delhi _bKanishka Publishers Distributors _c2011 |
||
| 300 |
_axiii,396p. _bPB _c21.514cm. |
||
| 365 |
_b250 _cINR |
||
| 650 |
_aGeneral _996265 |
||
| 650 |
_aMass Media _996266 |
||
| 906 | _aAM ; avatar ; FM. ; new ; Radio | ||
| 942 |
_2ddc _cBK |
||
| 999 |
_c161483 _d161483 |
||